000 00467nam a2200181Ia 4500
001 21096
005 20260306172854.0
008 260306t2023||||xx |||||||||||||| ||spa||
041 _aESP
082 _a344
_bP42T
100 _aPeña Cabrera, Raúl,
_eAUT
245 0 _aTratado de derecho penal :
_bestudio programático de la parte general
260 _c2023
300 _a879 páginas :
_c25 cm.
650 _aGEN
654 _aCDE
942 _cLIB
_dJUS
_fJUS
_2ddc
_n
999 _c21096
_d21096